000 00409nam a22001697a 4500
003 MPLRDC
005 20220104143209.0
008 210129b ||||| |||| 00| 0 eng d
082 _a909.8 LKJ-2
100 _a崔开宏,刘米娜编著
245 _a雕塑家刘开渠
_c
250 _a一版一刷
260 _a
_b湖南美术出版社
_c1985
300 _b
650 _a
942 _cBK
_o909.8 LKJ-2
999 _c37556
_d37546